Economic issues of Assam (Record no. 8667)

MARC details
000 -LEADER
fixed length control field 00692cam a2200253ua 4500
008 - FIXED-LENGTH DATA ELEMENTS--GENERAL INFORMATION
fixed length control field 160311n ii |||gr||||Z||||||eng
020 ## - INTERNATIONAL STANDARD BOOK NUMBER
International Standard Book Number 9789382750765
040 ## - CATALOGING SOURCE
Transcribing agency MAIN
041 ## - LANGUAGE CODE
-- eng
082 ## - DEWEY DECIMAL CLASSIFICATION NUMBER
Classification number 330.954162
100 ## - MAIN ENTRY--PERSONAL NAME
Personal name Phukon, Sanjib Kumar,
Relator term
245 1# - TITLE STATEMENT
Title Economic issues of Assam
Statement of responsibility, etc. by Sanjib Kumar Phukon and others
250 ## - EDITION STATEMENT
Edition statement 1st ed.
260 ## - PUBLICATION, DISTRIBUTION, ETC.
Place of publication, distribution, etc. Dibrugarh:
Name of publisher, distributor, etc. Banalata,
Date of publication, distribution, etc. 2015.
300 ## - PHYSICAL DESCRIPTION
Extent 135p.
700 ## - ADDED ENTRY--PERSONAL NAME
Personal name Sharma, Jhorna,
Relator term
700 ## - ADDED ENTRY--PERSONAL NAME
Personal name Machey, Ashwini,
Relator term
700 ## - ADDED ENTRY--PERSONAL NAME
Personal name Buragohain, Pranjal Pratim,
Relator term
700 ## - ADDED ENTRY--PERSONAL NAME
Personal name Lahon, Ratul Kumar,
Relator term
942 ## - ADDED ENTRY ELEMENTS (KOHA)
Koha item type Books
653 ## - INDEX TERM--UNCONTROLLED
Uncontrolled term Economics
653 ## - INDEX TERM--UNCONTROLLED
Uncontrolled term Economy of Assam
Holdings
Withdrawn status Lost status Damaged status Not for loan Home library Current library Shelving location Date acquired Total Checkouts Full call number Barcode Date last seen Date last checked out Copy number Price effective from Koha item type
        Central Library, Naharkatiya College Central Library, Naharkatiya College General Stacks 19/09/2020 3 330.954162 | ECO 23187 20/06/2025 15/02/2025 2 19/09/2020 Books
        Central Library, Naharkatiya College Central Library, Naharkatiya College General Stacks 19/09/2020 1 330.954162 | ECO 23188 26/03/2025 06/03/2025 1 19/09/2020 Books

Naharkatiya College © 2020. All rights reserved.

Powered By